Map Reading and photograph interpretation (Record no. 60078)

MARC details
000 -LEADER
fixed length control field 00492 a2200181 4500
005 - DATE AND TIME OF LATEST TRANSACTION
control field 20260107091839.0
008 - FIXED-LENGTH DATA ELEMENTS--GENERAL INFORMATION
fixed length control field 260107b |||||||| |||| 00| 0 eng d
020 ## - INTERNATIONAL STANDARD BOOK NUMBER
International Standard Book Number 9780195734744
050 ## - LIBRARY OF CONGRESS CALL NUMBER
Classification number GA151
Item number .C44 2009
100 ## - MAIN ENTRY--PERSONAL NAME
Personal name Chege, J. N. D.
245 ## - TITLE STATEMENT
Title Map Reading and photograph interpretation
250 ## - EDITION STATEMENT
Edition statement rev. ed.
260 ## - PUBLICATION, DISTRIBUTION, ETC. (IMPRINT)
Name of publisher, distributor, etc Oxford University Press
Date of publication, distribution, etc 2009
Place of publication, distribution, etc Nairobi, Kenya
300 ## - PHYSICAL DESCRIPTION
Extent 110 P.:
Dimensions 27 cm
650 ## - SUBJECT ADDED ENTRY--TOPICAL TERM
Topical term or geographic name as entry element Map reading.
700 ## - ADDED ENTRY--PERSONAL NAME
Personal name Kibuuka, Paul
942 ## - ADDED ENTRY ELEMENTS (KOHA)
Item type Book
Source of classification or shelving scheme Library of Congress Classification
Holdings
Withdrawn status Lost status Source of classification or shelving scheme Damaged status Not for loan Collection code Home library Current library Shelving location Date acquired Cost, normal purchase price Total Checkouts Full call number Barcode Date last seen Copy number Price effective from Koha item type
    Library of Congress Classification     Non-fiction Bishop Okullu Memorial Library (Limuru Campus) Bishop Okullu Memorial Library (Limuru Campus) General Circulation 07/01/2026 465.00   GA151 .C44 2009 072895 07/01/2026 1 07/01/2026 Book
    Library of Congress Classification     Non-fiction Bishop Okullu Memorial Library (Limuru Campus) Bishop Okullu Memorial Library (Limuru Campus) General Circulation 07/01/2026 465.00   GA151 .C44 2009 072896 07/01/2026 2 07/01/2026 Book